LEADER 00720nam a2200181 i 4500 001 000000027731 003 CaOOAMICUS 005 20180830125447.0 008 180830s1902 it u000 u ita u 040 $aSeMil$bita 100 1 $aSchiappoli, Domenico <1870-1945>.$0(OLS)http://semarc/name/5912 245 10$aManuale del diritto ecclesiastico /$cper l'Avv. Domenico Schiappoli. 260 $aTorino :$bUnione Tipografico-Editrice Torinese,$c1902. 300 $a2 v. ;$c24 cm. 774 0 $tParte prima.$w()58866 774 0 $tParte seconda.$w()217191 996 $6245$aManuale del diritto ecclesiastico$9(OLS)http://semarc/title/37567 996 $6260$aTorino :$bUnione Tipografico-Editrice Torinese$9(OLS)http://semarc/publisher/29628 LEADER 00955nam a2200229 i 4500 001 000000038404 003 CaOOAMICUS 005 20080613000000.0 008 080613s1967 it u000 u ita u 013 $a8989 040 $aSeMil$bita 100 1 $aBjørnson, Bjørnstjerne,$d<1832-1910>.$0(OLS)http://semarc/name/8782 240 10$aLeonarda.$0(OLS)http://semarc/title/54181 245 14$a[Le opere] [Teatro] [Prosa] /$cBjornstjerne Bjornson. 260 $aMilano :$bClub degli editori,$c1967. 300 $aXL, 766 p., [1] p. di ritratto ;$c19 cm. 490 0 $aScrittori del mondo: i Nobel ;$v.[1903] 830 0$aScrittori del mondo: i Nobel ;$v.[1903].$0(OLS)http://semarc/title/25869 850 $aSeMil 852 $aSeMil$W1$xVenegono$y1$m1W I 284$j4559$B4559$CSeMilBibl$Z2$F4559 $81 996 $6245$a[Le opere] [Teatro] [Prosa]$9(OLS)http://semarc/title/54180 996 $6260$aMilano :$bClub degli editori$9(OLS)http://semarc/publisher/33332 LEADER 01338nam a2200277 i 4500 001 000000048117 003 CaOOAMICUS 005 20100210000000.0 008 100210s1980 it u000 u ita u 013 $a19287 040 $aSeMil$bita 100 1 $aDupont, Jacques,$c.$0(OLS)http://semarc/name/942 245 13$aIl testamento pastorale di San Paolo :$bil discorso di Mileto (Atti 20, 18-36) /$cJacques Dupont. 250 $aII ed., notevolmente ampliata e rivista dall'Autore. 260 $aRoma :$bEdizioni Paoline,$c1980. 300 $a543 p. ;$c19 cm. 490 0 $aLa Parola di Dio ;$v21 600 04$aPaolo .$0(OLS)http://semarc/subject/1316 650 4$aBibbia. Nuovo Testamento. Atti degli Apostoli - Commentari, studi, critica, interpretazioni.$0(OLS)http://semarc/subject/30 650 4$aBibbia - NT - Atti degli Apostoli - 20,18-36.$0(OLS)http://semarc/subject/10108 830 3$aLa parola di Dio ;$v21.$0(OLS)http://semarc/title/431465 850 $aSeMil 852 $aSeMil$W1$xVenegono$y1$m2D II 154$j14272$B14272$CSeMilBibl$Z2$F14272 $81 961 $aOmaggio: Altro 996 $6245$aIl testamento pastorale di San Paolo :$bil discorso di Mileto (Atti 20, 18-36)$9(OLS)http://semarc/title/72729 996 $6260$aRoma :$bEdizioni Paoline$9(OLS)http://semarc/publisher/29700